Holiday Quiz

Random Holiday or Halloween Quiz
Score 0/20 Timer 04:00
1 Play Today
% Correct
Ghost Duck
97.6%
Beelzeduck
96.6%
Wonder Duck
96.1%
Superduck
95%
Duckaneer
94.7%
Batduck
94.4%
Duck-o'-Lantern
93.5%
Skeleduck
93.3%
Little Red Riding Duck
92.2%
Duckula
90.5%
% Correct
Duckin Hood
90.1%
Duck Witch
89.3%
Viking Duck
87.9%
Frankenduck's Monster
87.4%
Duck Flash
87.4%
Pilgrim Duck
83.8%
Ninja Duck
83.7%
Ducktrooper
80.1%
Caveduck
72.4%
Zombie Duck
67.1%

You're not logged in!

Compare scores with friends on all Sporcle quizzes.
OR
Log In

Sporcle TV

Today on Sporcle TV


Watch our educational content, quiz creation guides, and fun videos on Sporcle TV.

Show Comments

Extras

Top Quizzes Today


Score Distribution

Your Account Isn't Verified!

In order to create a playlist on Sporcle, you need to verify the email address you used during registration. Go to your Sporcle Settings to finish the process.

Report this User

Report this user for behavior that violates our Community Guidelines.

Details: